[Event "Gallego-ch U18"]
[Site "Viveiro"]
[Date "2016.02.07"]
[Round "3"]
[White "Ferreiro Solla, Pablo"]
[Black "Rodriguez Dominguez, Miguel"]
[Result "0-1"]
[WhiteElo "1677"]
[BlackElo "2008"]
[PlyCount "52"]
[EventDate "2016.02.06"]
[EventType "swiss"]
[EventRounds "8"]
[EventCountry "ESP"]
[SourceTitle "EXT 2024"]
[Source "ChessBase"]
[SourceDate "2023.10.10"]
[SourceVersion "1"]
[SourceVersionDate "2023.10.10"]
[SourceQuality "1"]

1. e4 c5 2. Nc3 Nc6 3. g3 g6 4. Bg2 Bg7 5. d3 d6 6. f4 f5 7. Nf3 Nh6 8. 0-0 0-0 9. h3 Nf7 10. Nd5 Bd7 11. Ne3 b5 12. g4 Rc8 13. Qe1 e5 14. gxf5 exf4 15. fxg6 hxg6 16. Nd5 g5 17. h4 g4 18. Nh2 f3 19. Bh1 Nd4 20. Nf4 Nxc2 21. Qg3 Bd4+ 22. Rf2 Ne5 23. Bxf3 Nxf3+ 24. Nxf3 Bxf2+ 25. Qxf2 Nxa1 26. e5 Qe8 0-1

[Event "Ourense op"]
[Site "Ourense"]
[Date "2014.07.07"]
[Round "1"]
[White "Galego, Luis"]
[Black "Rodriguez Dominguez, Miguel"]
[Result "1-0"]
[WhiteElo "2457"]
[BlackElo "1743"]
[PlyCount "95"]
[EventDate "2014.07.07"]
[EventType "swiss"]
[EventRounds "9"]
[EventCountry "ESP"]
[SourceTitle "EXT 2016"]
[Source "ChessBase"]
[SourceDate "2015.10.08"]
[SourceVersion "1"]
[SourceVersionDate "2015.10.08"]
[SourceQuality "1"]

1. e4 c5 2. Nf3 e6 3. c3 Nf6 4. e5 Nd5 5. d4 cxd4 6. Qxd4 Nc6 7. Qe4 f5 8. exf6 Nxf6 9. Qc2 d5 10. Bg5 e5 11. Bb5 Bd6 12. Nbd2 0-0 13. Qb3 Be6 14. Bh4 Qe8 15. Bg3 Nd7 16. Ng5 Nc5 17. Qd1 a6 18. Be2 Qe7 19. Nxe6 Qxe6 20. 0-0 Rae8 21. b4 Nd7 22. c4 Kh8 23. Bg4 Qe7 24. cxd5 Nxb4 25. Ne4 Nb6 26. Be6 a5 27. a3 Na6 28. Rb1 Nc4 29. Qb3 Nxa3 30. Qxb7 Nc5 31. Qxe7 Bxe7 32. Nxc5 Nxb1 33. Nd7 Nd2 34. Rd1 Ne4 35. Nxf8 Nxg3 36. Nd7 Ne2+ 37. Kf1 Nc3 38. Rd3 Bb4 39. Nxe5 a4 40. Nf7+ Kg8 41. Nd6+ Kf8 42. Nxe8 Kxe8 43. d6 a3 44. Rd2 Ne4 45. Rd4 Nd2+ 46. Ke2 Bc3 47. Rxd2 Bxd2 48. Kxd2 1-0